000 00681nam a2200241Ia 4500
003 OSt
005 20220924141622.0
006 a|||||r|||| 00| 0
007 ta
008 220923b |||||||| |||| 00| 0 ben d
020 _c75
024 _a298822
037 _bM/2008/32, 11/09/2008, Mukta Dhara
_cTextual
040 _aARTS
_cARTS
_bben
041 _2ben
_aben
082 _aO168,1x, 157P5
100 _aHazra Nilanjan Tr.
_9212344
245 0 _aPakissthanes sempratik kabita
260 _c2005
650 _aURDU LITERATURE
942 _hO168,1x, 157P5
_cTEXL
_2CC
999 _c447785
_d447785